Statystyki dla Państwa najwyżej w rankingach (Europa)

Kliknij tutaj aby rozwiązać quiz!

Ogólne statystyki

  • Ten quiz został rozwiązany 13 310 razy
  • Średni wynik to 61 z 70

Statystyki odpowiedzi

RankingLp.Państwo% Poprawnych
Powierzchnia1.Rosja
99%
2.Rosja
99%
Liczba ludności1.Rosja
99%
8.Polska
98%
7.Polska
98%
9.Polska
98%
8.Niemcy
97%
6.Niemcy
97%
Liczba użyt. internetu1.Niemcy
97%
2.Niemcy
97%
4.Niemcy
97%
7.Francja
96%
3.Francja
96%
9.Francja
96%
3.Francja
96%
4.Francja
96%
8.Hiszpania
96%
6.Hiszpania
96%
4.Hiszpania
96%
6.Hiszpania
96%
7.Ukraina
95%
8.Ukraina
95%
2.Ukraina
95%
10.Szwecja
94%
5.Szwecja
94%
7.Szwecja
94%
8.Szwecja
94%
8.Norwegia
93%
10.Norwegia
93%
Rozwój społeczny1.Norwegia
93%
5.Włochy
93%
10.Włochy
93%
10.Włochy
93%
7.Włochy
93%
5.Włochy
93%
7.Finlandia
91%
4.Wielka Brytania
91%
6.Wielka Brytania
91%
3.Wielka Brytania
91%
7.Wielka Brytania
91%
9.Wielka Brytania
91%
5.Holandia
83%
9.Holandia
83%
9.Holandia
83%
10.Holandia
83%
3.Holandia
83%
6.Belgia
82%
9.Rumunia
81%
2.Szwajcaria
80%
5.Szwajcaria
80%
2.Watykan
80%
6.Irlandia
79%
3.Irlandia
79%
5.Dania
78%
Przyrost naturalny1.Luksemburg
77%
6.Luksemburg
77%
8.Islandia
76%
3.Islandia
76%
4.Islandia
76%
Gęstość zaludnienia1.Monako
75%
Długość życia1.Monako
75%
2.San Marino
75%
4.San Marino
75%
2.San Marino
75%
4.Andora
72%
10.Andora
72%
3.Malta
65%
10.Liechtenstein
58%
5.Liechtenstein
58%
9.Liechtenstein
58%

Rozkład punktacji

Percentyl według liczby udzielonych odpowiedzi

Procent ludzi z każdym wynikiem

Twoja historia wyników

Nie rozwiązałeś tego quizu